Breach fo faith : (Record no. 130035)

MARC details
000 -LEADER
fixed length control field 00639nam a22002417a 4500
003 - CONTROL NUMBER IDENTIFIER
control field 0
005 - DATE AND TIME OF LATEST TRANSACTION
control field 20180702160536.0
008 - FIXED-LENGTH DATA ELEMENTS--GENERAL INFORMATION
fixed length control field 0
010 ## - LIBRARY OF CONGRESS CONTROL NUMBER
LC control number B-213524
020 ## - INTERNATIONAL STANDARD BOOK NUMBER
Terms of availability 00.00
International Standard Book Number 8170174120
035 ## - SYSTEM CONTROL NUMBER
System control number B-213524,B-213548
037 ## - SOURCE OF ACQUISITION
Source of stock number/acquisition Cen Lib/Ret
040 ## - CATALOGING SOURCE
Original cataloging agency DPL
Language of cataloging EN
Transcribing agency 0
082 ## - DEWEY DECIMAL CLASSIFICATION NUMBER
Classification number N
Item number BAS
100 ## - MAIN ENTRY--PERSONAL NAME
Personal name Basu, Romen
9 (RLIN) 24844
245 ## - TITLE STATEMENT
Title Breach fo faith :
Statement of responsibility, etc by Romen Basu
Remainder of title a novel /
260 ## - PUBLICATION, DISTRIBUTION, ETC. (IMPRINT)
Name of publisher, distributor, etc Abhinav Punlications
Date of publication, distribution, etc 2002
Place of publication, distribution, etc New Delhi
270 ## - ADDRESS
Address E-37, hauz khas
City New Delhi
Postal code 110016
300 ## - PHYSICAL DESCRIPTION
Extent 207p.
Dimensions 21cm(Hb)
650 ## - SUBJECT ADDED ENTRY--TOPICAL TERM
Topical term or geographic name as entry element Literature--Fiction
9 (RLIN) 74966
650 ## - SUBJECT ADDED ENTRY--TOPICAL TERM
Topical term or geographic name as entry element English novels
9 (RLIN) 74967
942 ## - ADDED ENTRY ELEMENTS (KOHA)
Source of classification or shelving scheme Dewey Decimal Classification
Koha item type English Books
Classification part N
Call number suffix BAS
Holdings
Withdrawn status Lost status Damaged status Not for loan Home library Current library Date acquired Source of acquisition Cost, normal purchase price Total Checkouts Full call number Barcode Date last seen Copy number Cost, replacement price Price effective from Koha item type Source of classification or shelving scheme Collection code Date checked out
        Central Library Central Library 08/07/2015 Cen Lib/Ret 0.00   N BAS B-213524 08/07/2015 1 0.00 08/07/2015 English Books      
        Central Library Central Library 08/07/2015 Cen Lib/Ret 0.00   N BAS B-082265 08/07/2015 2 0.00 15/09/2016 English Books      
        Patel Nagar Patel Nagar 02/07/2018 BPPD/Pub 0.00 1 N BAS B-213548 08/09/2018   0.00 02/07/2018 English Books Dewey Decimal Classification Fiction 24/08/2018

© Delhi Public Library
Hit Counter
free hit counter